Statistics for Countries Least Similar To Sudan

Click here to take the quiz!

General Stats

  • This quiz has been taken 20 times
  • The average score is 14 of 20

Answer Stats

RankCountryScore% Correct
20Australia38.2
95%
12United Kingdom35.8
89%
2Canada34.1
84%
5United States35.2
84%
17Ireland36.9
79%
11New Zealand35.7
79%
8Norway35.4
79%
15Sweden36.5
79%
9Denmark35.5
74%
13Finland36.0
74%
7Germany35.3
74%
10Iceland35.6
74%
2Japan34.1
74%
16Luxembourg36.8
58%
19Austria37.4
53%
5Belgium35.2
53%
4Netherlands34.6
53%
14South Korea36.1
53%
1Switzerland33.7
47%
18Taiwan37.1
26%

Score Distribution

Percentile by Number Answered

Percent of People with Each Score

Your Score History

You have not taken this quiz